000 00877nam a2200253 i 4500
001 8410
003 KOSZ 005
005 20211123145910.0
008 070620s1969 pl a g 000 0 pol
015 _aPB 1969/5805
040 _aWA N
_cKOSZ 005/RW
_dKOSZ 005/RW
080 _a651:930.25
100 1 _aSzczepaniak, Roman.
_eAutor.
245 1 0 _aArchiwum zakładowe /
_cRoman Szczepaniak ; Naczelna Dyrekcja Archiwów Państwowych.
250 _aWyd. 2 popr.
260 _aWarszawa :
_bPaństwowe Wydawnictwo Naukowe,
_c1969.
300 _a57, [2] s., 4 s. tabl. :
_bil. ;
_c23 cm.
380 _aKsiążki.
504 _aBibliogr. s. 57-[58].
650 4 _aArchiwa zakładowe
710 2 _aPaństwowe Wydawnictwo Naukowe
_4pbl.
856 _uhttp://koha.tu.koszalin.pl/cgi-bin/koha/opac-detail.pl?biblionumber=8410
_yKatalog online BPK
942 _2UKD
_cKS
999 _c8410
_d8410